<?xml version="1.0" encoding="UTF-8"?>
<collection xmlns="http://www.loc.gov/MARC21/slim">
<record>
  <controlfield tag="001">8030</controlfield>
  <controlfield tag="005">20260226100735.0</controlfield>
  <datafield tag="037" ind1=" " ind2=" ">
    <subfield code="a">CTALK-2026-0089</subfield>
  </datafield>
  <datafield tag="100" ind1=" " ind2=" ">
    <subfield code="a">Vinoelst, Lukas</subfield>
  </datafield>
  <datafield tag="245" ind1=" " ind2=" ">
    <subfield code="a">Building the Sun-to-Earth Connection: An Operational Event Chain Framework for Space Weather Forecasting at SIDC</subfield>
  </datafield>
  <datafield tag="260" ind1=" " ind2=" ">
    <subfield code="c">2025</subfield>
  </datafield>
  <datafield tag="269" ind1=" " ind2=" ">
    <subfield code="c">2025-09-09</subfield>
  </datafield>
  <datafield tag="520" ind1=" " ind2=" ">
    <subfield code="a">In modern space weather operations and forecasting, information about the operational activities themselves is often lost or not efficiently exploited. This information is of particular interest in the context of "Operations to Research" and vice versa, where it can aid in enhancing the entire symbiosis of the two aspects.  An important asset to have is a comprehensive database of space weather events that traces the entire chain of these events from the Sun to the Earth. The space weather operations team of the regional warning center at SIDC is developing a framework that consolidates several such events into these chains. This "Event Chain" framework aims to capture the full 'Sun-to-Earth' chain of space weather events including relevant operational information and store it in an accessible way. To achieve this, a relational database model is being developed together with a forecasting interface that integrates the entire framework into the daily operational activities at SIDC. In addition to storing such chains, it is possible to keep the evolution of objects like sunspot groups by linking observations of returning objects to eachother. Already several derived dataproducts are available currently: SIDC sunspot groups, SIDC flares, SIDC coronal holes, SIDC CMEs, forecasts (flare, high speed stream, ICME, K index). Many more events will be implemented in the near and further future to complete the full chain. To illustrate, an example will be shown of a chain captured on October 9th using the event chain framework.</subfield>
  </datafield>
  <datafield tag="536" ind1=" " ind2=" ">
    <subfield code="a">SUNRISE/</subfield>
    <subfield code="c">SUNRISE/</subfield>
    <subfield code="f">SUNRISE</subfield>
  </datafield>
  <datafield tag="594" ind1=" " ind2=" ">
    <subfield code="a">NO</subfield>
  </datafield>
  <datafield tag="653" ind1="1" ind2=" ">
    <subfield code="a">SUNRISE</subfield>
  </datafield>
  <datafield tag="653" ind1="1" ind2=" ">
    <subfield code="a">Event Chain</subfield>
  </datafield>
  <datafield tag="653" ind1="1" ind2=" ">
    <subfield code="a">Forecasting</subfield>
  </datafield>
  <datafield tag="653" ind1="1" ind2=" ">
    <subfield code="a">Database</subfield>
  </datafield>
  <datafield tag="653" ind1="1" ind2=" ">
    <subfield code="a">Interface</subfield>
  </datafield>
  <datafield tag="653" ind1="1" ind2=" ">
    <subfield code="a">Research to operations</subfield>
  </datafield>
  <datafield tag="653" ind1="1" ind2=" ">
    <subfield code="a">Operations to research</subfield>
  </datafield>
  <datafield tag="700" ind1=" " ind2=" ">
    <subfield code="a">Verstringe, Freek</subfield>
  </datafield>
  <datafield tag="700" ind1=" " ind2=" ">
    <subfield code="a">De Patoul, Judith</subfield>
  </datafield>
  <datafield tag="700" ind1=" " ind2=" ">
    <subfield code="a">Shukhobodskaia, Daria</subfield>
  </datafield>
  <datafield tag="700" ind1=" " ind2=" ">
    <subfield code="a">Millas, Dimitrios</subfield>
  </datafield>
  <datafield tag="700" ind1=" " ind2=" ">
    <subfield code="a">Maneva, Yana</subfield>
  </datafield>
  <datafield tag="773" ind1=" " ind2=" ">
    <subfield code="t">U.K. Space Weather and Space Environment meeting at Sheffield</subfield>
  </datafield>
  <datafield tag="856" ind1="0" ind2=" ">
    <subfield code="f">lukas.vinoelst@ksb-orb.be</subfield>
  </datafield>
  <datafield tag="856" ind1="4" ind2=" ">
    <subfield code="s">7544508</subfield>
    <subfield code="u">http://publi2-as.oma.be/record/8030/files/Lukas_Vinoelst_2025-09-09_16h30.pdf</subfield>
  </datafield>
  <datafield tag="856" ind1="4" ind2=" ">
    <subfield code="s">10278</subfield>
    <subfield code="u">http://publi2-as.oma.be/record/8030/files/Lukas_Vinoelst_2025-09-09_16h30.gif?subformat=icon</subfield>
    <subfield code="x">icon</subfield>
  </datafield>
  <datafield tag="856" ind1="4" ind2=" ">
    <subfield code="s">8178</subfield>
    <subfield code="u">http://publi2-as.oma.be/record/8030/files/Lukas_Vinoelst_2025-09-09_16h30.jpg?subformat=icon-180</subfield>
    <subfield code="x">icon-180</subfield>
  </datafield>
  <datafield tag="906" ind1=" " ind2=" ">
    <subfield code="a">Contributed</subfield>
  </datafield>
  <datafield tag="980" ind1=" " ind2=" ">
    <subfield code="a">CTALKCONT</subfield>
  </datafield>
</record>
</collection>